Normal view
MARC view
- Mundada Medhavi
Entry Personal Name
001 - CONTROL NUMBER
- control field: 184153
003 - CONTROL NUMBER IDENTIFIER
- control field: OSt
005 - DATE AND TIME OF LATEST TRANSACTION
- control field: 20230605085110.0
008 - FIXED-LENGTH DATA ELEMENTS
- fixed length control field: 230605|| aca||aabn | a|a d
040 ## - CATALOGING SOURCE
- Original cataloging agency: OSt
- Transcribing agency: OSt
100 ## - HEADING--PERSONAL NAME
- Personal name: Mundada Medhavi
670 ## - SOURCE DATA FOUND
- Source citation: Work cat.: (OSt)161760: Mundada Medhavi, Landscape Design For Centre Of Environment Awareness With Rural Context, 2020